00422nam a2200121Ia 4500003000400000008004100004040001600045082001700061245012600078260008000204300001100284490000500295GCL140319s9999 xx 000 0 ara d aGCL / cGCL04a332.46bرت10aتحويلات المصريين المغتربين بالخارج المورد المفقود والامل المفقود a[S.N] : bالهيئة المصرية العامة للكتاب ، c1991 a256 ص a